| 000 | 00924nam a2200289Ia 4500 | ||
|---|---|---|---|
| 001 | Para_1045 | ||
| 003 | CHAP | ||
| 008 | 220125s1996 xx 000 0 und d | ||
| 010 | _a199771 | ||
| 040 | _cCHAP | ||
| 090 | _aPA TESIS 1011 | ||
| 100 |
_aHernández Carrillo, Alberto _9164934 |
||
| 245 |
_aCaracterización de aislamientos del virus marchitez manchada del tomate (TSWV) / _cpor Alberto Hernández Carrillo |
||
| 260 |
_aMontecillo, Méx. : _b El autor |
||
| 300 | _a97 h. | ||
| 502 | _aTesis (M.C. Esp. en Fitopatología) CP. Instituto de Fitosanidad | ||
| 650 |
_aTomate _x enfermedades por virus _9113715 |
||
| 650 |
_aVirus _x investigación _9119938 |
||
| 710 |
_aCP. Instituto de Fitosanidad _9164498 |
||
| 901 | _aPA TESIS 1011 | ||
| 902 | _aA | ||
| 905 | _a0000001996 a 0000000000 00 | ||
| 910 | _a1996 | ||
| 942 | _cPARA | ||
| 942 |
_cPARA _d1 |
||
| 999 |
_c199771 _d199771 |
||